000 00967nam a22002651 4500
001 28001
003 BD-RjUL
005 20211209051227.0
008 140329r19691898nyuc 001 0 eng
035 _a(BD-RjUL)28082
040 _aDLC
_cDLC
_dDLC
_dBD-RjUL
_beng
041 _aeng
082 0 0 _a975.502
_bBRF 1969
100 1 _aBrown, Alexander,
_d1843-1906.
_985883
245 1 4 _aThe first republic in America :
_ban account of the origin of this Nation, written from the records then (1624) concealed by the Council, rather than from the histories then licensed by the Crown /
_cAlexander Brown.
260 _aNew York :
_bRussell & Russell,
_c1969.
300 _axxiv, 688 p. :
_bport.
_c22 cm.
500 _aReprint of the 1898 ed.
504 _aIncludes index.
610 2 0 _aVirginia Company of London.
_985886
651 0 _aVirginia
_xHistory
_yColonial period, ca. 1600-1775.
_985885
942 _2ddc
_cBK
999 _c28001
_d28001